| 000 | 01555nam a2200397 c 4500 | ||
|---|---|---|---|
| 999 |
_c178152 _d178152 |
||
| 003 | BLK | ||
| 005 | 20250422135952.0 | ||
| 008 | 180411b bul|||||r ||||||| ||bul|| | ||
| 010 | _aKNG00186853000 | ||
| 020 | _a9786191861781 | ||
| 040 | _aBLK | ||
| 041 |
_aBUL _cBUL |
||
| 072 | 7 |
_2bullib _aН83 _xЧужда художествена литература Н |
|
| 080 |
_aХърватска литература _b821.163.42 _x-32 _z821.163.42-32 |
||
| 100 | 1 |
_aЙергович, Миленко _eпърви автор _973325 |
|
| 139 |
_aЙергович, Миленко _bИ 33 |
||
| 245 | 1 | 0 |
_aСараевско Марлборо _cМиленко Йергович; прев. от хърв. Русанка Ляпова; * Миленко Ергович. |
| 250 | _a2. доп. и прераб. изд. | ||
| 257 | _aCRO | ||
| 260 |
_bЖанет 45 _c2015 _aПловдив |
||
| 300 |
_a141 с. _c20 см |
||
| 380 | _aX | ||
| 490 |
_aКратки разкази завинаги _v19 _9205236 |
||
| 500 | _aОриг. загл.: Sarajevski Marlboro / Miljenko Jergovic. - Биогр. данни за авт. | ||
| 659 | _aН | ||
| 700 | 1 |
_aЛяпова, Русанка Костова _eпрев. от хърв. _9368468 |
|
| 700 | 1 |
_aЕргович, Миленко _e* _967444 |
|
| 852 | _aЦб 279768 | ||
| 856 | 4 | _qpdf | |
| 856 | 4 | _qpdf | |
| 942 |
_cKNG _n0 _06 _s1 |
||
| 944 |
_aCR _c07.03.2016 _k30530 _lМинев Младен |
||
| 944 |
_aED _c17.03.2016 _kГеновева_Генчева |
||
| 999 | _d178152 | ||
| 999 | _d178152 | ||